| 000 | 01081nam a22002657a 4500 | ||
|---|---|---|---|
| 005 | 2009080405165.0 | ||
| 008 | 090728t xxu||||| |||| 00| 0 pun d | ||
| 010 | _aPUN-7476 | ||
| 020 |
_c780.00 _a9788179144619 |
||
| 035 | _aPN-6594 | ||
| 037 | _bDBAD / PUB/Tarlochan Publishers | ||
| 040 |
_adpl _bPN |
||
| 082 | _a854 | ||
| 100 | _937323 | ||
| 245 |
_aਮਲਟੀ ਵਿਟਾਮਿਨ: _cਗੁਰਦਿਆਲ ਕੰਵਲ ਦ੍ਵਾਰਾ ਸੰਪਾਦਿਤ _bਪੰਜਾਬੀ ਸਾਹਿਤਕ ਵੰਨਗੀਆਂ ਦਾ ਕੇਪਸੂਲ / |
||
| 246 |
_aMulti Vitamin _b by Gurdiyal Kanwal |
||
| 260 |
_aDelhi _bTarlochan Publishers _c2012 |
||
| 270 |
_bShop No-7,12/190 ,Geeta Colony _aDelhi _k9312271252 _e110031 _mmanpreet1948@gmail.com |
||
| 300 |
_a200ਪਂ; _b22ਸੇਂਮੀ(ਸਜਿਲਦ) |
||
| 650 | _937324 | ||
| 650 | _937325 | ||
| 700 | _953424 | ||
| 942 |
_2ddc _cPN _h854 _mਮਲਟੀ |
||
| 999 |
_c71398 _d71398 |
||